00374cam a22001217a 4500008004000000082001600040100002100056245005100077260002400128300001400152500007000166650001600236180718b1995 xxu||||| |||| 00| 0 eng d aT19x54 P218 aKumar, A. Ganesh aAgriculture - prospects, problems and policies aDelhibKonarkc1995 ap.129-152 a[In]Mid - year review of the 1994 - 95 edited by Kirit S. Prarikh aAgriculture